[Event "Polanica Zdroj op-D 47th"]
[Site "Polanica Zdroj"]
[Date "2011.08.27"]
[Round "8"]
[White "Kadziela, Konrad"]
[Black "Dzieczkaniec, Wieslaw"]
[Result "1-0"]
[WhiteElo "1956"]
[BlackElo "1878"]
[PlyCount "55"]
[EventDate "2011.08.20"]
[EventType "swiss"]
[EventRounds "9"]
[EventCountry "POL"]
[SourceTitle "EXT 2014"]
[Source "ChessBase"]
[SourceDate "2013.11.20"]
[SourceVersion "1"]
[SourceVersionDate "2013.11.20"]
[SourceQuality "1"]

1. e4 c5 2. d3 Nc6 3. g3 d5 4. Nc3 d4 5. Nce2 Nf6 6. Bg2 g6 7. h3 Bg7 8. f4 e5 9. Nf3 Nh5 10. 0-0 exf4 11. gxf4 Bh6 12. a3 Qc7 13. Nh2 Nf6 14. Ng3 Ne7 15. Ng4 Nxg4 16. hxg4 f5 17. gxf5 gxf5 18. Qh5+ Kd8 19. Qxh6 Rg8 20. Nxf5 Bxf5 21. exf5 Nxf5 22. Qf6+ Ne7 23. f5 Qg3 24. Rf2 Rc8 25. Bf4 Qg4 26. Re1 Rg7 27. Qd6+ Ke8 28. f6 1-0

[Event "POL-ch U18"]
[Site "Murzasichle"]
[Date "2011.03.08"]
[Round "5"]
[White "Kadziela, Konrad"]
[Black "Matuszewski, Michal"]
[Result "1/2-1/2"]
[WhiteElo "1893"]
[BlackElo "2384"]
[PlyCount "61"]
[EventDate "2011.03.05"]
[EventType "swiss"]
[EventRounds "9"]
[EventCountry "POL"]
[SourceTitle "EXT 2012"]
[Source "ChessBase"]
[SourceDate "2011.11.24"]
[SourceVersion "1"]
[SourceVersionDate "2011.11.24"]
[SourceQuality "1"]

1. e4 c5 2. d3 Nc6 3. g3 d5 4. Nc3 d4 5. Nce2 e5 6. Bg2 Bd6 7. Nf3 Nf6 8. 0-0 Bg4 9. h3 Bh5 10. g4 Bg6 11. Ng3 Qd7 12. Nh4 0-0-0 13. a3 Ne8 14. Bd2 h5 15. g5 Nc7 16. Qf3 Ne6 17. Ngf5 Bf8 18. Rfb1 Bh7 19. Qd1 g6 20. Ng3 Be7 21. Qc1 f6 22. gxf6 Bxf6 23. Nf3 h4 24. Nf1 g5 25. N1h2 Qg7 26. Ng4 Ne7 27. Nxf6 Qxf6 28. Bxg5 Qg7 29. Bh6 Qf6 30. Bg5 Qg7 31. Bxh4 1/2-1/2

[Event "POL Region-ch U17"]
[Site "Lochow"]
[Date "2010.10.24"]
[Round "2.3"]
[White "Kadziela, Konrad"]
[Black "Grochulski, Grzegorz"]
[Result "0-1"]
[WhiteElo "1884"]
[BlackElo "2018"]
[PlyCount "100"]
[EventDate "2010.10.23"]
[EventType "swiss"]
[EventRounds "7"]
[EventCountry "POL"]
[SourceTitle "EXT 2023"]
[Source "ChessBase"]
[SourceDate "2022.10.05"]
[SourceVersion "1"]
[SourceVersionDate "2022.10.05"]
[SourceQuality "1"]

1. e4 c5 2. d3 g6 3. g3 Bg7 4. Bg2 Nc6 5. f4 e6 6. Nf3 Nge7 7. c3 0-0 8. Be3 b6 9. Nbd2 d5 10. e5 a5 11. Bf2 Ba6 12. Nf1 d4 13. c4 b5 14. b3 bxc4 15. bxc4 Rb8 16. N1d2 Rb2 17. 0-0 Nb4 18. Ne4 Qc7 19. a3 Nc2 20. Rc1 Ne3 21. Bxe3 dxe3 22. Re1 Nf5 23. g4 Nd4 24. Rxe3 f6 25. Ned2 fxe5 26. fxe5 Bb7 27. Rb1 Rxb1 28. Qxb1 Bxf3 29. Nxf3 Rb8 30. Qd1 Nxf3+ 31. Bxf3 Bxe5 32. Re2 Rf8 33. Be4 Bd4+ 34. Kg2 Qf4 35. Rc2 Qe3 36. Bf3 Be5 37. Be4 Qf4 38. Kg1 Rd8 39. Qe2 Rb8 40. Qd1 Rb3 41. a4 Ra3 42. Qf3 Ra1+ 43. Kf2 Qxh2+ 44. Qg2 Qf4+ 45. Ke2 Bd4 46. Qf3 Qh2+ 47. Qg2 Qh4 48. Kf3 Re1 49. Re2 Qf6+ 50. Kg3 Rg1 0-1

[Event "POL-chT U19 2nd League"]
[Site "Chelm Lubelski"]
[Date "2010.07.07"]
[Round "3"]
[White "Chmielarz, Maciej"]
[Black "Kadziela, Konrad"]
[Result "0-1"]
[WhiteElo "1722"]
[BlackElo "1866"]
[PlyCount "116"]
[EventDate "2010.07.06"]
[EventType "team-tourn"]
[EventRounds "11"]
[EventCountry "POL"]
[SourceTitle "EXT 2011"]
[Source "ChessBase"]
[SourceDate "2010.11.26"]
[SourceVersion "1"]
[SourceVersionDate "2010.11.26"]
[SourceQuality "1"]
[WhiteTeam "Ostrow Wielkopolski II"]
[BlackTeam "Radom UKS MDK U19"]
[WhiteTeamCountry "POL"]
[BlackTeamCountry "POL"]

1. d4 d5 2. c4 c6 3. cxd5 cxd5 4. Nc3 Nc6 5. Nf3 Nf6 6. Bf4 e6 7. e3 Bd6 8. Bxd6 Qxd6 9. Bb5 0-0 10. 0-0 Bd7 11. Rc1 a6 12. Ba4 b5 13. Bc2 Rac8 14. Bb1 e5 15. dxe5 Nxe5 16. h3 b4 17. Nxe5 Qxe5 18. Ne2 Qxb2 19. Nd4 Ba4 20. Bc2 Bxc2 21. Rxc2 Rxc2 22. Qxc2 Qxc2 23. Nxc2 a5 24. Rb1 Rc8 25. Nd4 g6 26. a3 bxa3 27. Ra1 Rc3 28. Nb5 Rb3 29. Nxa3 Rb2 30. Rc1 Rb4 31. Rc8+ Kg7 32. Nc2 Rb1+ 33. Kh2 Rc1 34. Rc6 a4 35. Nd4 Rxc6 36. Nxc6 Ne4 37. Kg1 a3 38. Nb4 Nc3 39. Kf1 a2 40. Nc2 Kf6 41. Ke1 Ke5 42. f3 f5 43. Kd2 Nb5 44. g3 g5 45. h4 g4 46. fxg4 fxg4 47. Kd3 d4 48. Na1 dxe3 49. Kxe3 Nd4 50. Kd3 Nf5 51. Kc2 Nxg3 52. Kb2 Nf5 53. Kxa2 g3 54. Nc2 Nxh4 55. Ne1 g2 56. Nd3+ Kd4 57. Nf4 Ke3 58. Nh3 Nf3 0-1

[Event "POL-ch U18"]
[Site "Karpacz"]
[Date "2010.03.10"]
[Round "6"]
[White "Skomial, Mateusz"]
[Black "Kadziela, Konrad"]
[Result "1/2-1/2"]
[WhiteElo "2045"]
[BlackElo "1883"]
[PlyCount "80"]
[EventDate "2010.03.06"]
[EventType "swiss"]
[EventRounds "11"]
[EventCountry "POL"]
[SourceTitle "CBM 135 Extra"]
[Source "ChessBase"]
[SourceDate "2010.05.04"]
[SourceVersion "1"]
[SourceVersionDate "2010.05.04"]
[SourceQuality "1"]

1. e4 e6 2. d4 d5 3. exd5 exd5 4. Nf3 Bd6 5. Bd3 Ne7 6. 0-0 Nbc6 7. c3 Bg4 8. a4 Qd7 9. b4 f6 10. Nbd2 Bf5 11. Nb3 Bxd3 12. Qxd3 Qf5 13. Qe2 b6 14. b5 Nd8 15. Re1 0-0 16. Nh4 Qd7 17. c4 dxc4 18. Qxc4+ Nf7 19. Bb2 Rfe8 20. Rad1 Nf5 21. Rxe8+ Rxe8 22. Nf3 Qe7 23. Bc3 Qe2 24. Qxe2 Rxe2 25. Rd2 Re4 26. Kf1 Ne7 27. Re2 Rxe2 28. Kxe2 Nd5 29. Bd2 Bf4 30. g3 Bxd2 31. Nbxd2 Nd6 32. Kd3 Kf7 33. Nc4 Ke6 34. Nxd6 Kxd6 35. Kc4 Ne7 36. Ne1 Ke6 37. Nc2 Nd5 38. Ne1 Kd6 39. Nd3 Ke6 40. h3 h5 1/2-1/2

[Event "POL-ch U18"]
[Site "Karpacz"]
[Date "2010.03.07"]
[Round "2"]
[White "Koziej, Maciej"]
[Black "Kadziela, Konrad"]
[Result "1-0"]
[WhiteElo "2010"]
[BlackElo "1883"]
[PlyCount "53"]
[EventDate "2010.03.06"]
[EventType "swiss"]
[EventRounds "11"]
[EventCountry "POL"]
[SourceTitle "CBM 135 Extra"]
[Source "ChessBase"]
[SourceDate "2010.05.04"]
[SourceVersion "1"]
[SourceVersionDate "2010.05.04"]
[SourceQuality "1"]

1. e4 e5 2. Nf3 d6 3. d4 exd4 4. Nxd4 Nf6 5. Nc3 Nc6 6. h3 h6 7. Nde2 Qe7 8. Qd3 Ne5 9. Qe3 c6 10. b3 g6 11. Ba3 Qc7 12. f4 Ned7 13. 0-0-0 a6 14. g4 g5 15. Bg2 b6 16. Qd2 Nc5 17. fxg5 hxg5 18. e5 d5 19. Bxc5 Bxc5 20. exf6 Qe5 21. Nd4 Qxf6 22. Rhe1+ Kf8 23. Qe3 Bb4 24. Rf1 Qd6 25. Nxc6 Bc5 26. Qe5 Qxc6 27. Qxh8+ 1-0

[Event "POL-ch U16"]
[Site "Chotowa"]
[Date "2009.04.05"]
[Round "11"]
[White "Lis, Marek"]
[Black "Kadziela, Konrad"]
[Result "1/2-1/2"]
[WhiteElo "2003"]
[BlackElo "1862"]
[PlyCount "34"]
[EventDate "2009.03.28"]
[EventType "swiss"]
[EventRounds "11"]
[EventCountry "POL"]
[SourceTitle "EXT 2018"]
[Source "ChessBase"]
[SourceDate "2017.10.13"]
[SourceVersion "1"]
[SourceVersionDate "2017.10.13"]
[SourceQuality "1"]

1. e4 e6 2. d4 d5 3. e5 c5 4. c3 Nc6 5. Nf3 Bd7 6. a3 c4 7. Be3 b5 8. Be2 Nge7 9. 0-0 Nf5 10. Nbd2 Be7 11. Qc2 a5 12. g4 Nxe3 13. fxe3 Bg5 14. e4 h5 15. h3 hxg4 16. hxg4 Be3+ 17. Kg2 Ke7 1/2-1/2

[Event "POL-ch U16"]
[Site "Chotowa"]
[Date "2009.03.30"]
[Round "3"]
[White "Witek, Tomasz"]
[Black "Kadziela, Konrad"]
[Result "1-0"]
[WhiteElo "2170"]
[BlackElo "1862"]
[PlyCount "47"]
[EventDate "2009.03.28"]
[EventType "swiss"]
[EventRounds "11"]
[EventCountry "POL"]
[SourceTitle "EXT 2011"]
[Source "ChessBase"]
[SourceDate "2010.11.26"]
[SourceVersion "1"]
[SourceVersionDate "2010.11.26"]
[SourceQuality "1"]

1. d4 d5 2. c4 e6 3. Nc3 Nf6 4. cxd5 exd5 5. Bg5 Be7 6. e3 c6 7. Bd3 Be6 8. Nf3 Bg4 9. Qc2 h6 10. Bh4 Nbd7 11. h3 Be6 12. 0-0 Nh5 13. Bxe7 Qxe7 14. Ne5 Nxe5 15. dxe5 Qh4 16. Ne2 g5 17. Nd4 Rg8 18. Nxe6 fxe6 19. Bg6+ Kd7 20. Bxh5 Rg7 21. g4 Rf8 22. Kg2 Rgf7 23. Bxf7 Rxf7 24. Qc5 1-0

[Event "POL-ch U16"]
[Site "Chotowa"]
[Date "2009.03.28"]
[Round "1"]
[White "Wandzik, Wojciech"]
[Black "Kadziela, Konrad"]
[Result "1-0"]
[WhiteElo "2051"]
[BlackElo "1862"]
[PlyCount "77"]
[EventDate "2009.03.28"]
[EventType "swiss"]
[EventRounds "11"]
[EventCountry "POL"]
[SourceTitle "EXT 2011"]
[Source "ChessBase"]
[SourceDate "2010.11.26"]
[SourceVersion "1"]
[SourceVersionDate "2010.11.26"]
[SourceQuality "1"]

1. e4 e6 2. d4 d5 3. exd5 exd5 4. Nf3 Bd6 5. c4 c6 6. Nc3 Ne7 7. Bd3 h6 8. 0-0 0-0 9. Re1 Bg4 10. c5 Bc7 11. h3 Bh5 12. Qe2 Re8 13. g4 Bg6 14. Bxg6 fxg6 15. Qe6+ Kh7 16. Bg5 Qd7 17. Qxd7 Nxd7 18. Rxe7 Rxe7 19. Bxe7 b6 20. Bd6 Bxd6 21. cxd6 Rd8 22. Ne5 c5 23. Nxd7 Rxd7 24. Rd1 c4 25. Nxd5 Rxd6 26. Ne3 b5 27. d5 Kg8 28. Kg2 Kf7 29. Kf3 Ke7 30. Ke4 Kd7 31. Kd4 Rf6 32. Rd2 Kd6 33. Ke4 Rf7 34. f4 Rb7 35. Kd4 Rf7 36. f5 a5 37. a4 bxa4 38. Nxc4+ Ke7 39. Re2+ 1-0

[Event "Powiatu Pulawskiego-ch op"]
[Site "Pulawy"]
[Date "2008.06.14"]
[Round "3.3"]
[White "Gora, Jan"]
[Black "Kadziela, Konrad"]
[Result "1/2-1/2"]
[WhiteElo "1694"]
[BlackElo "1840"]
[PlyCount "104"]
[EventDate "2008.06.13"]
[EventType "swiss"]
[EventRounds "5"]
[EventCountry "POL"]
[SourceTitle "EXT 2023"]
[Source "ChessBase"]
[SourceDate "2022.10.05"]
[SourceVersion "1"]
[SourceVersionDate "2022.10.05"]
[SourceQuality "1"]

1. e4 e6 2. d4 d5 3. Nc3 Nf6 4. Bg5 Be7 5. e5 Nfd7 6. Bxe7 Qxe7 7. f4 a6 8. Nf3 c5 9. Be2 Nc6 10. Qd2 cxd4 11. Nxd4 Qb4 12. Nb3 Nc5 13. Bf3 Nxb3 14. axb3 Bd7 15. 0-0 Ne7 16. Rf2 0-0 17. Rd1 Bc6 18. Kh1 Rac8 19. Ne2 Qxd2 20. Rxd2 Rc7 21. Nd4 Bd7 22. c3 Rfc8 23. Rf1 Nc6 24. h3 Nxd4 25. Rxd4 Kf8 26. Rfd1 Bb5 27. g4 Ke7 28. Kg2 Rc5 29. g5 g6 30. h4 Be8 31. h5 Rb5 32. b4 Bd7 33. h6 Rb6 34. Be2 Bb5 35. Bxb5 Rxb5 36. Ra1 Rb6 37. Kf3 Rbc6 38. Ke3 Rc4 39. Rad1 Kd7 40. Rxc4 Rxc4 41. Rd4 Kc6 42. Kd3 Kb5 43. b3 Rxd4+ 44. Kxd4 b6 45. Kd3 a5 46. bxa5 bxa5 47. Kd4 Kb6 48. Ke3 Kc5 49. Kd3 Kb6 50. Ke3 Kc6 51. Kd3 Kb5 52. Kd4 Kc6 1/2-1/2

[Event "POL-chT U19 2nd League"]
[Site "Lublin"]
[Date "2007.07.13"]
[Round "9"]
[White "Barski, Radoslaw"]
[Black "Kadziela, Konrad"]
[Result "1-0"]
[WhiteElo "2050"]
[BlackElo "1817"]
[PlyCount "85"]
[EventDate "2007.07.07"]
[EventType "team-swiss"]
[EventRounds "11"]
[EventCountry "POL"]
[SourceTitle "EXT 2010"]
[Source "ChessBase"]
[SourceDate "2010.11.25"]
[SourceVersion "1"]
[SourceVersionDate "2010.11.25"]
[SourceQuality "1"]
[WhiteTeam "Chrzanow UKS SP 8 U19"]
[BlackTeam "Radom UKS MDK U19"]
[WhiteTeamCountry "POL"]
[BlackTeamCountry "POL"]

1. e4 e6 2. d4 d5 3. Nd2 dxe4 4. Nxe4 Bd7 5. Nf3 Bc6 6. Bd3 Nd7 7. 0-0 Ngf6 8. Ng3 Bd6 9. Re1 Bxf3 10. Qxf3 c6 11. c4 0-0 12. Ne4 Be7 13. Be3 Nxe4 14. Bxe4 Nf6 15. Bc2 Qc7 16. Rad1 Rad8 17. h3 Rd7 18. Bf4 Bd6 19. Bg5 Be7 20. Qd3 g6 21. Qf3 Kg7 22. Bf4 Bd6 23. Bd2 Rfd8 24. Bc3 Be7 25. g4 h6 26. h4 g5 27. Kg2 b5 28. b3 a5 29. hxg5 hxg5 30. Rh1 b4 31. Bb2 Qf4 32. Qxf4 gxf4 33. Kf3 Rg8 34. g5 Ne8 35. d5+ Kf8 36. dxc6 Rc7 37. Be4 Bxg5 38. Bh7 Rg7 39. Bxg7+ Kxg7 40. Rhg1 Kf6 41. Be4 Bh6 42. Rd7 Bf8 43. Rg8 1-0

[Event "POL-chT U19 2nd League"]
[Site "Lublin"]
[Date "2007.07.12"]
[Round "7"]
[White "Polok, Kacper"]
[Black "Kadziela, Konrad"]
[Result "1-0"]
[WhiteElo "1887"]
[BlackElo "1817"]
[PlyCount "85"]
[EventDate "2007.07.07"]
[EventType "team-swiss"]
[EventRounds "11"]
[EventCountry "POL"]
[SourceTitle "EXT 2010"]
[Source "ChessBase"]
[SourceDate "2010.11.25"]
[SourceVersion "1"]
[SourceVersionDate "2010.11.25"]
[SourceQuality "1"]
[WhiteTeam "Szopienice HetMaN U19"]
[BlackTeam "Radom UKS MDK U19"]
[WhiteTeamCountry "POL"]
[BlackTeamCountry "POL"]

1. e4 e6 2. d4 d5 3. Nc3 dxe4 4. Nxe4 Bd7 5. Nf3 Bc6 6. Bd3 Nd7 7. 0-0 Ngf6 8. Bg5 Be7 9. Bxf6 Nxf6 10. Nxf6+ Bxf6 11. c3 0-0 12. Qe2 Qd6 13. Ne5 Bxe5 14. dxe5 Qe7 15. Rad1 Rad8 16. f4 Rd7 17. Bc2 Rfd8 18. Rxd7 Rxd7 19. Rd1 Qc5+ 20. Qf2 Rxd1+ 21. Bxd1 Qd5 22. Bb3 Qe4 23. Qd2 g6 24. Bc2 Qd5 25. Qxd5 Bxd5 26. a3 Kf8 27. Kf2 Ke7 28. Ba4 a6 29. g3 b5 30. Bc2 Kd7 31. b4 c5 32. Ke3 Kc6 33. Bd3 c4 34. Bc2 Bg2 35. Kd4 Bf3 36. a4 Bg2 37. a5 Bf3 38. Be4+ Bxe4 39. Kxe4 h5 40. Kd4 h4 41. gxh4 Kd7 42. Kc5 Kc7 43. h3 1-0

[Event "POL-chT U19 2nd League"]
[Site "Lublin"]
[Date "2007.07.08"]
[Round "2"]
[White "Leczycki, Pawel"]
[Black "Kadziela, Konrad"]
[Result "1/2-1/2"]
[WhiteElo "1821"]
[BlackElo "1817"]
[PlyCount "49"]
[EventDate "2007.07.07"]
[EventType "team-swiss"]
[EventRounds "11"]
[EventCountry "POL"]
[SourceTitle "EXT 2010"]
[Source "ChessBase"]
[SourceDate "2010.11.25"]
[SourceVersion "1"]
[SourceVersionDate "2010.11.25"]
[SourceQuality "1"]
[WhiteTeam "Piekary Slaskie U19"]
[BlackTeam "Radom UKS MDK U19"]
[WhiteTeamCountry "POL"]
[BlackTeamCountry "POL"]

1. d4 d5 2. c4 c6 3. Nc3 e6 4. Nf3 Nf6 5. Bg5 Nbd7 6. a3 Be7 7. Rc1 0-0 8. e3 b6 9. Bd3 Bb7 10. 0-0 Rc8 11. cxd5 cxd5 12. Bb1 Ne4 13. Nxe4 Rxc1 14. Qxc1 dxe4 15. Bxe7 Qxe7 16. Qc7 Ba6 17. Bxe4 Bxf1 18. Kxf1 Qd8 19. Qxa7 Qc8 20. Ke2 Nf6 21. Bd3 Nd5 22. Qa4 Qb7 23. Qa6 Qc7 24. Qc4 Qb7 25. g3 1/2-1/2

[Event "POL-ch U14"]
[Site "Turawa"]
[Date "2007.05.03"]
[Round "9"]
[White "Grzesiak, Filip"]
[Black "Kadziela, Konrad"]
[Result "1-0"]
[WhiteElo "1896"]
[BlackElo "1831"]
[PlyCount "79"]
[EventDate "2007.04.27"]
[EventType "swiss"]
[EventRounds "10"]
[EventCountry "POL"]
[SourceTitle "EXT 2011"]
[Source "ChessBase"]
[SourceDate "2010.11.26"]
[SourceVersion "1"]
[SourceVersionDate "2010.11.26"]
[SourceQuality "1"]

1. d4 e6 2. c4 d5 3. Nc3 c6 4. Nf3 Nd7 5. Bf4 b6 6. e3 Bb7 7. cxd5 exd5 8. Bd3 Ngf6 9. h3 Be7 10. 0-0 0-0 11. Rc1 Rc8 12. Qd2 Re8 13. Rfe1 Bf8 14. Qc2 h6 15. Re2 a6 16. Bf5 Ra8 17. Na4 c5 18. Ne5 c4 19. Nxd7 Nxd7 20. Bxd7 Qxd7 21. Nxb6 Qb5 22. Nxa8 Rxa8 23. Qf5 g6 24. Qg4 Bc8 25. Qf3 Bf5 26. Be5 Be7 27. Rd2 Qa5 28. Rdd1 Be4 29. Qe2 Qxa2 30. Qd2 a5 31. f3 Bd3 32. Qf2 Ra7 33. Qd2 Bb4 34. Qf2 Be7 35. Qd2 Bb4 36. Qf2 Be7 37. Rxd3 cxd3 38. Rc8+ Bf8 39. Qh4 d2 40. Rxf8+ 1-0

[Event "POL-ch U14"]
[Site "Turawa"]
[Date "2007.05.02"]
[Round "8"]
[White "Kadziela, Konrad"]
[Black "Sowul, Bartosz"]
[Result "1/2-1/2"]
[WhiteElo "1831"]
[BlackElo "1966"]
[PlyCount "98"]
[EventDate "2007.04.27"]
[EventType "swiss"]
[EventRounds "10"]
[EventCountry "POL"]
[SourceTitle "EXT 2011"]
[Source "ChessBase"]
[SourceDate "2010.11.26"]
[SourceVersion "1"]
[SourceVersionDate "2010.11.26"]
[SourceQuality "1"]

1. d4 Nf6 2. c4 g6 3. Nc3 Bg7 4. e4 0-0 5. f4 d6 6. Nf3 c5 7. d5 b5 8. cxb5 a6 9. bxa6 Qa5 10. Bd2 Bxa6 11. Be2 Nbd7 12. 0-0 Rfb8 13. Bxa6 Qxa6 14. Rb1 Ra7 15. Re1 Rab7 16. Qa4 Qb6 17. h3 c4+ 18. Be3 Qc7 19. Qc6 Ne8 20. Bd4 Nc5 21. Bxg7 Kxg7 22. Qxc7 Nxc7 23. Nd2 Nd3 24. Rf1 Nxb2 25. Nd1 Nxd1 26. Rfxd1 Rxb1 27. Rxb1 Rxb1+ 28. Nxb1 Nb5 29. Nd2 Na3 30. Kf2 c3 31. Nb3 Kf6 32. Ke2 g5 33. g3 gxf4 34. gxf4 e6 35. dxe6 fxe6 36. Kd3 c2 37. Kc3 d5 38. exd5 exd5 39. Kb4 Nc4 40. a4 Kf5 41. Nd4+ Kxf4 42. Nxc2 Kg3 43. Na3 Nb6 44. a5 Nc8 45. a6 Kxh3 46. Ka5 h5 47. Nb5 Kg4 48. Nd6 Na7 49. Nb5 Nc8 1/2-1/2